Ako prevezmeme vlastnícke práva? Vzrástol význam Fondu národného majetku SR

Bibliographic Details
Main Authors: Krajčovič, Michal, 1989- (Author), Podstupka, Ivan (Author)
Format: Article
Language:Slovak
Subjects:

MARC

LEADER 00000nab a2200000 a 4500
001 vtls000472131
003 SK-MaSNL
005 20260304214129.0
008 120926c xo 0 slo
015 |a SNBRB19rr/mm-uuuuu 
035 |a CL0472264 
040 |a SNKBUCL  |b slo  |c SNKBUCL  |e AACR2 
041 0 |a slo 
044 |a xo  |c SK 
080 |a 330.522.2(437.6)  |2 1981 
100 1 |a Krajčovič, Michal,  |d 1989-  |4 aut  |9 185876 
245 1 0 |a Ako prevezmeme vlastnícke práva?  |b Vzrástol význam Fondu národného majetku SR  |c Michal Krajčovič, Ivan Podstupka 
650 0 7 |a Fond národného majetku Slovenskej republiky  |2 snkbucl  |9 893761 
655 7 |a články z novín a časopisov  |2 snkbucl  |9 267496 
700 1 |a Podstupka, Ivan  |4 aut  |9 275288 
773 0 |t Pravda  |g Roč. 3 (74), č. 16 (21. 1. 1993), s. 5 
850 |a Slovenská národná knižnica v Martine  |a MTA001 
852 |a SNK  |b KIS3GCP 
958 |a RK 
992 |a RBX 
999 |c 3139639  |d 3141569